Co ation with Mucuna,er crops in hillside agriculture: Farmer inno
Saved in:
| Main Author: | |
|---|---|
| Format: | Book |
| Language: | Undetermined |
| Published: |
Ottawwa, Canada
IDRC
1998
|
| Subjects: | |
| Tags: |
Add Tag
No Tags, Be the first to tag this record!
|
| Institutions: | Trung tâm Học liệu Trường Đại học Cần Thơ |
|---|
| LEADER | 00568nam a2200193Ia 4500 | ||
|---|---|---|---|
| 001 | CTU_41098 | ||
| 008 | 210402s9999 xx 000 0 und d | ||
| 082 | |a 630.143 | ||
| 082 | |b B924 | ||
| 100 | |a Daniel Buckles | ||
| 245 | 0 | |a Co | |
| 245 | 0 | |b ation with Mucuna,er crops in hillside agriculture: Farmer inno | |
| 245 | 0 | |c Daniel Buckles,Bernard Triomphe,Gusta,Sain | |
| 260 | |a Ottawwa, Canada | ||
| 260 | |b IDRC | ||
| 260 | |c 1998 | ||
| 650 | |a hill farming,hillside planting | ||
| 904 | |i Minh, 010513 | ||
| 980 | |a Trung tâm Học liệu Trường Đại học Cần Thơ | ||